000 00534cam a2200169 a 4500
001 000003969
005 20200929150639.0
008 790531s1948 xxua 000 1 eng
040 _aDO-SdBNP
_bspa
_cBNPHU
082 _a823.914
_bS642i
100 1 _aSmith, Dodie
_d1896-1990
_911914
245 1 0 _aI capture the castle /
_cDodie Smith.
260 _aBoston :
_bAn Atlantic Monthly Press Book; Little, Brown and company,
_c1948.
300 _a338 p. :
_bil. ;
_c20 cm.
650 4 _aNovela inglesa
_91071
650 4 _aLiteratura inglesa
_9498
999 _c3788
_d3788